[Event "It (open) (seniors)"]
[Site "masterchessopen.com Rowy (Poland)"]
[Date "2008.06.29"]
[Round "6"]
[White "Szczepaniec Stanislaw (POL)"]
[Black "Zoltek Tadeusz (POL)"]
[Result "0-1"]
[WhiteElo "2119"]
[BlackElo "2227"]

1.c4 e6 2.Nf3 d5 3.g3 Nf6 4.Bg2 Be7 5.d4 O-O 6.Qc2 c6 7.O-O b6 8.b3 Bb7 9.Rd1
Nbd7 10.Nc3 Rc8 11.e4 a5 12.e5 Ne8 13.h4 h6 14.Bf4 Nc7 15.Qd2 c5 16.cxd5 Nxd5
17.Ne4 Nxf4 18.Qxf4 Bxe4 19.Qxe4 cxd4 20.Rxd4 Qc7 21.Rc4 Qb8 22.Rac1 Rxc4
23.Rxc4 Rc8 24.Rxc8+ Qxc8 25.Nd4 Bc5 26.Nc6 Qc7 27.Bf1 f5 28.exf6 Qxg3+ 29.Kh1
Bxf2 30.Qxe6+ Kh8 31.fxg7+ Qxg7 32.Bg2 Bxh4 33.Qe8+ Nf8 34.Ne5 Be7 35.Ng6+
Qxg6 36.Qxe7 Qh5+ 37.Kg1 Qc5+ 38.Qxc5 bxc5 39.Kf2 Kg7 40.Ke3 Ne6 41.Kd2 Nf4
42.Bf3 Ng6 43.Kc3 Ne5 44.Bd5 Kf6 45.Bg2 h5 46.Kb2 Nd7 47.Kc3 Nb6 48.Kd3 Ke5
49.Bc6 h4 50.a4 h3 51.Bb7 h2 52.Bc6 Nd5 {#R} 0-1

[Event "Ch Russia (students) (team)"]
[Site "masterchessopen.com Belgorod (Russia)"]
[Date "2008.10.05"]
[Round "1"]
[White "Statsenko Viktor (RUS)"]
[Black "Sedov Anton (RUS)"]
[Result "1-0"]
[WhiteElo "2210"]
[BlackElo "2186"]

1.d4 d5 2.c4 e6 3.Nf3 Nf6 4.g3 Be7 5.Bg2 O-O 6.O-O c6 7.Qc2 b6 8.Nbd2 Bb7 9.e4
Nbd7 10.Re1 Rc8 11.e5 Ne8 12.Qa4 Nc7 13.cxd5 cxd5 14.h4 b5 15.Qb3 a5 16.a4 Bb4
17.Qd3 bxa4 18.Ng5 g6 19.Nh3 f5 20.exf6 Qxf6 21.Rxa4 Ba6 22.Qe3 Nb6 23.Rxb4
axb4 24.Nf3 Nc4 25.Qb3 Rb8 26.Bf4 Rb7 27.Nhg5 Re8 28.Bxc7 Rxc7 29.Qa4 Ra8
30.Rxe6 Qf5 31.Rxa6 Rxa6 32.Qxa6 Re7 33.Bh3 Qb1+ 34.Kg2 h6 35.Be6+ Kg7 36.Qc8
Nd6 37.Qg8+ Kf6 38.Qh8+ {#r} 1-0

[Event "Ch World (juniors) (under 14)"]
[Site "masterchessopen.com Vung Tau (Vietnam)"]
[Date "2008.10.28"]
[Round "9"]
[White "Navalgund Niranjan (IND)"]
[Black "Golubev Roman (UZB)"]
[Result "1-0"]
[WhiteElo "2064"]
[BlackElo "2148"]

1.d4 d5 2.c4 e6 3.Nf3 Nf6 4.g3 Be7 5.Bg2 O-O 6.O-O c6 7.Qc2 b6 8.Nbd2 Bb7 9.b3
a5 10.Bb2 Na6 11.e4 Rc8 12.Rad1 Nb4 13.Qb1 Nxe4 14.Nxe4 dxe4 15.Qxe4 Nxa2
16.Ne5 Nb4 17.f4 Rc7 18.f5 exf5 19.Qxf5 Bc8 20.Qf3 f6 21.Ng4 Bxg4 22.Qxg4 Qd7
23.Qh5 Bd8 24.Rfe1 Qf7 25.Qf5 Re7 26.d5 g6 27.Qf3 cxd5 28.cxd5 Bc7 29.Bf1 Qe8
30.Re6 Rxe6 31.dxe6 Bd8 32.Rd7 Kh8 33.Qb7 {#r} 1-0

[Event "It (open)"]
[Site "masterchessopen.com Vienna (Austria)"]
[Date "2009.08.17"]
[Round "3"]
[White "Kaufeld Juergen (GER)"]
[Black "Kammerer Gernot (AUT)"]
[Result "1-0"]
[WhiteElo "2274"]
[BlackElo "2102"]

1.d4 d5 2.Nf3 Nf6 3.c4 e6 4.g3 Be7 5.Bg2 O-O 6.O-O c6 7.Qc2 b6 8.Nbd2 Bb7 9.e4
dxe4 10.Nxe4 c5 11.Nxf6+ gxf6 12.Ng5 fxg5 13.Bxb7 Nd7 14.Bxa8 Qxa8 15.Be3 Bf6
16.Rad1 cxd4 17.f4 gxf4 18.Bxd4 e5 19.Bf2 Qc6 20.Qf5 Nc5 21.Rd5 Bg7 22.b3 fxg3
23.Bxg3 e4 24.Bd6 Re8 25.Qxf7+ Kh8 26.Be5 Bxe5 27.Rxe5 Rg8+ 28.Qxg8+ Kxg8
29.Rg5+ {#r} 1-0

[Event "It (open) (b)"]
[Site "masterchessopen.com Winterthur (Switzerland)"]
[Date "2009.10.08"]
[Round "7"]
[White "Schweizer Robert (SUI)"]
[Black "Leuenberger Urs (SUI)"]
[Result "0-1"]
[WhiteElo "1940"]
[BlackElo "1996"]

1.d4 Nf6 2.c4 e6 3.g3 d5 4.Bg2 Be7 5.Nf3 O-O 6.Qc2 c6 7.O-O b6 8.b3 Bb7 9.Nbd2
Nbd7 10.Bb2 Rc8 11.Ne5 Nxe5 12.dxe5 Nd7 13.e4 dxc4 14.Nxc4 Ba6 15.Rfd1 Bxc4
16.Qxc4 Qc7 17.f4 b5 18.Qe2 a6 19.Rac1 Rfd8 20.Bh3 Nf8 21.f5 Bg5 22.Rxd8 Rxd8
23.Rd1 Qb6+ 24.Kf1 c5 25.Rxd8 Qxd8 26.Bg4 Qc8 27.h4 Bd8 28.Qd2 Qa8 29.Qf4 Bc7
30.h5 Qd8 31.Qe3 Bb6 32.f6 Nd7 33.Qg5 Qf8 34.Qd2 Qd8 35.Qg5 Qf8 36.Qd2 Nb8
37.Qd6 Qd8 38.Be2 gxf6 39.Qxd8+ Bxd8 40.exf6 Nd7 41.e5 Bc7 42.a4 bxa4 43.Bxa6
axb3 44.Bc4 Bxe5 45.Bxe5 Nxe5 46.Bxb3 Ng4 47.Bd1 Nxf6 48.Kf2 Kg7 49.Ke3 Kh6
{#R} 0-1

[Event "Ch City"]
[Site "masterchessopen.com Irkutsk (Russia)"]
[Date "2009.12.24"]
[Round "8"]
[White "Shelk Alexander (RUS)"]
[Black "Khantuev Alexander (RUS)"]
[Result "1-0"]
[WhiteElo "2378"]
[BlackElo "2374"]

1.d4 d5 2.Nf3 Nf6 3.c4 e6 4.g3 Be7 5.Bg2 O-O 6.O-O c6 7.Qc2 b6 8.Ne5 Bb7 9.Rd1
Nbd7 10.cxd5 cxd5 11.Nc6 Bxc6 12.Qxc6 Rc8 13.Qa4 Qc7 14.Nc3 Qc4 15.Qxc4 Rxc4
16.e3 Nb8 17.Bf1 Rc6 18.Bb5 Rc7 19.Bd3 Rfc8 20.Bd2 a6 21.a4 g6 22.f3 Bb4
23.Kg2 Be7 24.h3 Kg7 25.e4 dxe4 26.fxe4 Nc6 27.Bxa6 Rd8 28.Be3 Nb4 29.Bd3 Nxd3
30.Rxd3 Bb4 31.Bf4 Rcd7 32.Be5 Bd6 33.Bxd6 Rxd6 34.e5 Rxd4 35.exf6+ Kxf6
36.Rxd4 Rxd4 37.Kf3 Rd3+ 38.Ke2 Rd4 39.Rf1+ Ke7 40.Rf4 Rd6 41.Rc4 {#r} 1-0

[Event "Tournament (open)"]
[Site "masterchessopen.com Novosibirsk (Russia)"]
[Date "2010.04.07"]
[Round "5"]
[White "Shakirov Alexander (KAZ)"]
[Black "Romanov Viktor (RUS)"]
[Result "0-1"]
[WhiteElo "2012"]
[BlackElo "1947"]

1.d4 d5 2.Nf3 Nf6 3.g3 e6 4.Bg2 Be7 5.c4 c6 6.Qc2 O-O 7.O-O b6 8.Rd1 Nbd7
9.Nbd2 Bb7 10.e4 dxe4 11.Nxe4 Nxe4 12.Qxe4 Nf6 13.Qc2 Qc7 14.Bf4 Bd6 15.Bxd6
Qxd6 16.c5 Qc7 17.b4 Nd5 18.Rab1 b5 19.Ng5 Nf6 20.Be4 h6 21.Nf3 Rfd8 22.Ne5 a5
23.a3 axb4 24.axb4 Ra4 25.Bg2 Rda8 26.Qc3 Nd5 27.Bxd5 exd5 28.Re1 Bc8 29.Qf3
Be6 30.Qc3 g6 31.Nxg6 Kg7 32.Nh4 Qd8 33.Ra1 Bh3 34.Nf3 Qf6 35.Nd2 Qf5 36.Rxa4
bxa4 37.Ra1 a3 38.Qe3 Qc2 39.Qe5+ Kg8 40.Qh5 Qxd2 41.Qxh3 Qxd4 42.Re1 a2
43.Qxh6 a1=Q 44.Qg5+ Qg7 {#R} 0-1

[Event "It (open)"]
[Site "masterchessopen.com Galdar (Spain)"]
[Date "2010.11.21"]
[Round "9"]
[White "Natalicchio Escalante Nicolas (ESP)"]
[Black "Gonzalez Intelangelo Gerardo (ESP)"]
[Result "1-0"]
[WhiteElo "2203"]
[BlackElo "2072"]

1.d4 Nf6 2.c4 e6 3.g3 d5 4.Bg2 Be7 5.Nf3 O-O 6.O-O c6 7.Qc2 b6 8.Nc3 Ba6 9.Ne5
Nfd7 10.Nxd7 Qxd7 11.cxd5 cxd5 12.Bf4 Nc6 13.Qa4 Qb7 14.Rfc1 b5 15.Qd1 Rfd8
16.e4 dxe4 17.Nxe4 Rac8 18.Qh5 Qb6 19.Ng5 Bxg5 20.Bxg5 Rd7 21.d5 exd5 22.Bh3
Rcc7 23.Bxd7 Rxd7 24.Qe2 Kf8 25.Re1 Qb8 26.Qd3 Kg8 27.Bf4 Qd8 28.Rac1 Bb7
29.Qe3 Re7 30.Qc5 Re4 31.Rcd1 Qe8 32.Rxe4 dxe4 33.Qxb5 Qe7 34.Qd5 h6 35.Qd6
Qe8 36.Qd7 Qa8 37.Be3 g5 38.Rd6 Kg7 39.b4 a6 40.Bd2 e3 41.Bc3+ Kg8 42.Rg6+ Kf8
43.Rxh6 exf2+ 44.Kf1 {#r} 1-0

[Event "It (open)"]
[Site "masterchessopen.com Pavlodar (Kazakhstan)"]
[Date "2010.12.02"]
[Round "3"]
[White "Kotsur Pavel (KAZ)"]
[Black "Karmenov Berik (KAZ)"]
[Result "1-0"]
[WhiteElo "2565"]
[BlackElo "2120"]

1.d4 Nf6 2.c4 e6 3.g3 d5 4.Nf3 Be7 5.Bg2 O-O 6.Qc2 c6 7.O-O b6 8.Rd1 Bb7 9.Nc3
Nbd7 10.b3 Rc8 11.e4 dxe4 12.Nxe4 Nxe4 13.Qxe4 Nf6 14.Qe2 b5 15.Ne5 Nd7 16.Nd3
Ba8 17.Nc5 bxc4 18.b4 Nb6 19.a4 a5 20.bxa5 Bxc5 21.dxc5 Nd5 22.Bd2 Bb7 23.Qxc4
Ra8 24.Rab1 Ba6 25.Qc2 Qf6 26.Rb3 Rfd8 27.h4 h6 28.Bc1 Rd7 29.Bb2 Qd8 30.Qe4
Qe7 31.Rc1 Rb7 32.Rxb7 Bxb7 33.Be5 Rxa5 34.Qd4 f6 35.Bd6 Qd7 36.Bh3 Ra8 37.Rb1
Re8 38.Qd3 f5 39.Qd4 Ba6 40.Re1 Qf7 41.Qe5 Nf6 42.Bg2 Bb7 43.a5 Ng4 44.Qb2 Rc8
45.Qb6 Ba8 46.a6 g5 47.Qb3 gxh4 48.Rxe6 {#r} 1-0

[Event "Match \"]
[Site "masterchessopen.com Donostia (Spain)"]
[Date "2011.01.05"]
[Round "1"]
[White "Argandona Rivero Inigo (ESP)"]
[Black "Del Rio Angelis Salvador G (ESP)"]
[Result "0-1"]
[WhiteElo "2387"]
[BlackElo "2527"]

1.Nf3 e6 2.c4 Nf6 3.g3 d5 4.d4 Be7 5.Bg2 O-O 6.O-O c6 7.Qc2 b6 8.Rd1 Nbd7
9.Bf4 Ba6 10.Ne5 Rc8 11.Qa4 Nb8 12.Nc3 b5 13.cxb5 cxb5 14.Nxb5 Qb6 15.Nc3 Qxb2
16.Bd2 Rxc3 17.Bxc3 Qxc3 18.Rac1 Qb4 19.Qxb4 Bxb4 20.Rc7 Bxe2 21.Rb1 a5 22.Bh3
Bd6 23.Rxf7 Rxf7 24.Bxe6 Bxe5 25.dxe5 Nfd7 26.Bxd5 Bf3 27.Bc4 Kf8 28.e6 Rf6
29.Rb5 Ke7 30.exd7 Nxd7 31.Rxa5 Rd6 32.Ra3 Rd1+ 33.Bf1 Ne5 34.Re3 Kd6 35.h3 g5
36.a4 Bd5 37.f4 gxf4 38.gxf4 Nc4 39.Rd3 Nd2 40.Kf2 Rxf1+ 41.Ke2 Rxf4 42.Kxd2
Rxa4 43.Ke2 Ke5 44.Kf2 Be4 45.Rd8 Kf4 {#R} 0-1

[Event "Czech League 2010/11 (2nd) (e)"]
[Site "masterchessopen.com Czech Republic"]
[Date "2011.02.06"]
[Round "7"]
[White "Adamcik Martin (CZE)"]
[Black "Havranek Michal (CZE)"]
[Result "1-0"]
[WhiteElo "2177"]
[BlackElo "2028"]

1.Nf3 d5 2.d4 Nf6 3.c4 e6 4.g3 Be7 5.Bg2 c6 6.O-O O-O 7.Qc2 b6 8.Nbd2 Bb7 9.e4
dxe4 10.Nxe4 Nbd7 11.Rd1 Nxe4 12.Qxe4 Nf6 13.Qe2 Qc7 14.Bf4 Bd6 15.Be5 Nd7
16.c5 Bxe5 17.Nxe5 Nxe5 18.dxe5 bxc5 19.Rd6 Rfd8 20.Rad1 Rxd6 21.exd6 Qb6
22.b3 Rd8 23.Qe5 Rd7 24.h4 Ba6 25.Qe4 c4 26.Qxc6 Qxc6 27.Bxc6 Rd8 28.d7 Kf8
29.b4 c3 30.b5 c2 31.Rc1 Bb7 32.Rxc2 Ke7 33.Bxb7 Rxd7 34.Bc6 Rd4 35.Kg2 Kf6
36.a4 Ke5 37.a5 Kd6 38.b6 axb6 39.a6 {#r} 1-0

[Event "Tournament \"]
[Site "masterchessopen.com Asuncion (Paraguay)"]
[Date "2011.04.21"]
[Round "2"]
[White "Recalde Ariel (PAR)"]
[Black "Valiente Cristobal (PAR)"]
[Result "0-1"]
[WhiteElo "2000"]
[BlackElo "2263"]

1.d4 Nf6 2.c4 e6 3.g3 d5 4.Bg2 Be7 5.Nf3 O-O 6.O-O c6 7.Qc2 b6 8.Bg5 Bb7
9.Nbd2 Nbd7 10.e4 dxe4 11.Nxe4 c5 12.Nxf6+ Bxf6 13.Bxf6 Qxf6 14.Ng5 Qxg5
15.Bxb7 Rad8 16.d5 exd5 17.Bxd5 Nf6 18.f4 Qg4 19.Bf3 Qc8 20.Rad1 h5 21.Rxd8
Rxd8 22.Qe2 Re8 23.Qd1 Qa6 24.Qb3 Qa5 25.a3 Qd2 26.Rf2 Qd4 27.Kg2 Re3 28.Qc2
Rd3 29.Re2 g6 30.Qc1 Kg7 31.f5 Rd1 32.Qe3 Qxe3 33.Rxe3 Rd2+ 34.Re2 Rxe2+
35.Bxe2 gxf5 36.b4 Kg6 37.bxc5 bxc5 38.Kf3 Kg5 39.h4+ Kg6 40.Kf4 Ng4 41.Bd3
Kf6 42.Bxf5 Ne5 43.Bc2 Nxc4 44.a4 Nb6 45.g4 hxg4 46.Kxg4 Nd5 47.Bb3 c4 {#R}
0-1

[Event "Ch Romania (team) (Divizion A)"]
[Site "masterchessopen.com Slanic Moldova (Romania)"]
[Date "2011.10.09"]
[Round "9"]
[White "Dragomirescu Calin (ROM)"]
[Black "Dicu Razvan-Stefan (ROM)"]
[Result "1-0"]
[WhiteElo "2213"]
[BlackElo "2161"]

1.d4 e6 2.c4 Nf6 3.g3 d5 4.Nf3 Be7 5.Bg2 O-O 6.O-O c6 7.Qc2 b6 8.Nbd2 Nbd7
9.e4 Bb7 10.cxd5 cxd5 11.e5 Ne8 12.Re1 Rc8 13.Qd1 Qc7 14.Nf1 Qc2 15.Qxc2 Rxc2
16.Ne3 Rc8 17.Bd2 Nc7 18.Rec1 Na8 19.Bf1 Rxc1 20.Rxc1 Rc8 21.Rxc8+ Bxc8 22.Ne1
Nc7 23.f4 a5 24.Kf2 Ba6 25.Bxa6 Nxa6 26.Ke2 Kf8 27.a3 Ke8 28.Kd3 Kd8 29.f5 Kc7
30.h4 Kc6 31.N1g2 a4 32.Nf4 Nf8 33.Nh5 g6 34.fxg6 fxg6 35.Nf6 b5 36.Ng8 Bd8
37.Ng4 Nd7 38.Bg5 Ba5 39.N4f6 Nb6 40.Ne7+ Kb7 41.Nxh7 Nc4 42.Bc1 b4 43.Nf8 Nc7
44.Nexg6 b3 45.h5 Nb5 46.h6 Bd2 47.h7 Bxc1 48.h8=Q Nxb2+ 49.Ke2 Nxd4+ 50.Kf1
Nc4 51.Nd7 b2 52.Qb8+ Kc6 53.Qc8+ Kb5 54.Qb7+ Ka5 55.Qb4+ {#r} 1-0

[Event "It (open)"]
[Site "masterchessopen.com Monteria (Colombia)"]
[Date "2011.11.13"]
[Round "5"]
[White "Petro Manuel"]
[Black "Maldonado Hector"]
[Result "1-0"]
[WhiteElo "1633"]
[BlackElo "1971"]

1.d4 d5 2.c4 e6 3.g3 Nf6 4.Bg2 Be7 5.Nf3 O-O 6.O-O c6 7.Qc2 b6 8.b3 Bb7 9.Bb2
Nbd7 10.Nbd2 Rc8 11.Rac1 c5 12.Qb1 cxd4 13.Bxd4 Nc5 14.Rfd1 Qe8 15.Ne5 Ncd7
16.Ndf3 dxc4 17.Ng5 Nc5 18.Bxb7 Nxb7 19.Nd7 Ne4 20.Qxe4 Bxg5 21.Nxf8 Qxf8
22.Qxb7 Bxc1 23.Rxc1 Rd8 24.Rxc4 Qd6 25.Qc7 f6 26.Qxd6 Rxd6 27.Be3 Rd7 28.a4
e5 29.b4 h6 30.Rc6 Rd1+ 31.Kg2 Ra1 32.a5 bxa5 33.Ra6 a4 34.Bxa7 a3 35.b5 Rb1
36.b6 Rb3 37.Rxa3 Rxa3 38.b7 Rb3 39.b8=Q+ Rxb8 40.Bxb8 Kf7 41.Kf3 Ke6 42.g4 g6
43.h4 f5 44.gxf5+ gxf5 45.e4 h5 46.Ke3 Kf6 47.Kd3 Ke6 48.f3 Kf6 49.Kc4 Ke6
50.Kc5 {#r} 1-0

[Event "Czech League 2011/12 (2nd) (f)"]
[Site "masterchessopen.com Czech Republic"]
[Date "2012.02.05"]
[Round "7"]
[White "Cech Tomas (CZE)"]
[Black "Gil Karel (CZE)"]
[Result "1-0"]
[WhiteElo "2155"]
[BlackElo "1906"]

1.d4 d5 2.Nf3 Nf6 3.c4 e6 4.g3 Be7 5.Bg2 O-O 6.O-O c6 7.Qc2 b6 8.b3 Bb7 9.Nc3
Nbd7 10.Rd1 Rc8 11.e4 Nxe4 12.Nxe4 dxe4 13.Qxe4 Nf6 14.Qe2 Bd6 15.Ne5 Qe7
16.Bg5 Rfd8 17.Ng4 h5 18.Nxf6+ gxf6 19.Bh6 f5 20.Qxh5 f6 21.Re1 Qf7 22.Qf3 Rd7
23.Rad1 Bb4 24.Bd2 Bf8 25.Bc3 Rcd8 26.Qe2 Re8 27.Bf3 Qg7 28.Bh5 Ree7 29.Bb4 c5
30.dxc5 Rxd1 31.Rxd1 f4 32.c6 Bc8 33.Rd8 {#r} 1-0

[Event "Ch World (blitz) (w)"]
[Site "masterchessopen.com Batumi (Georgia)"]
[Date "2012.06.04"]
[Round "3"]
[White "Lahno Kateryna (UKR)"]
[Black "Zhu Chen (QAT)"]
[Result "0-1"]
[WhiteElo "2545"]
[BlackElo "2491"]

1.Nf3 d5 2.c4 e6 3.g3 Nf6 4.Bg2 Be7 5.d4 O-O 6.Qc2 c6 7.O-O b6 8.Nbd2 Ba6
9.Ne5 Nfd7 10.Nxd7 Nxd7 11.e4 dxc4 12.Nxc4 Rc8 13.Rd1 c5 14.d5 exd5 15.Rxd5
Bb7 16.Rd3 Qc7 17.Bf4 Qc6 18.Nd6 Rcd8 19.Nxb7 Qxb7 20.Rad1 Nb8 21.e5 Qc8 22.a3
Nc6 23.Qa4 Nd4 24.Qxa7 Ne2+ 25.Kf1 Rxd3 26.Rxd3 Nxf4 27.gxf4 c4 28.Rd7 c3
29.bxc3 Qc4+ 30.Kg1 Bc5 31.Qb7 Qxf4 32.Qf3 Qc1+ 33.Bf1 Qg5+ 34.Qg3 Qf5 35.Rd5
g6 36.h3 Ra8 37.c4 Rxa3 38.Qh4 Ra2 39.Rd8+ Kg7 40.Qf6+ Qxf6 41.exf6+ Kxf6
42.Rd5 Bxf2+ 43.Kg2 Bc5+ 44.Kg3 Ra3+ 45.Kf4 h6 46.Rd7 Be3+ 47.Ke4 Bc5 48.Kd5
Rf3 49.Be2 Rxh3 50.Kc6 Re3 51.Bf1 h5 52.Bg2 h4 53.Bd5 Re7 54.Rd8 g5 55.Rh8 Kf5
56.Rh7 Kf4 57.Bxf7 Kg3 58.Rg7 g4 59.Kd5 h3 60.Rh7 Kh2 {#R} 0-1